| 000 | 03329nam a22003257a 4500 | ||
|---|---|---|---|
| 005 | 2011021508498.0 | ||
| 008 | 110215t xxu||||| |||| 00| 0 eng d | ||
| 010 | _aENG-102001 | ||
| 020 |
_a9780071070836 _c595.00 |
||
| 020 |
_a0071070834 _c595.00 |
||
| 035 | _aEN-85534 | ||
| 037 | _bDBAD/PUB | ||
| 040 |
_adpl _bEng |
||
| 082 | _a332.6 | ||
| 100 |
_aMotianey, Arun _925984 |
||
| 245 |
_aSupercycles : _cby Arun Motianey _bthe new economic force transforming global markets and investment strategy / |
||
| 260 |
_aNew Delhi _bTata McGraw Hill _c2010 |
||
| 270 |
_a7, West Patel Nagar _bNew Delhi _e110008 |
||
| 300 |
_axx, 246 p. : _c24cm (pbk) _bill. |
||
| 500 | _aIncludes bibliographical references (p. 229-235) and index. | ||
| 505 | _aIntroduction -- Section 1: Flaws In The Foundation -- 1: Elusive Science -- 2: When causality becomes a casualty -- Section 2: Wheel Of Misfortune -- 3: SuperCycles and their laws of motion -- 4: Classical SuperCycle Part 1, 1873 to 1900 -- 5: Classical SuperCycle Part 2, 1900 to 1930 -- Section 3: Thoroughly Modern SuperCycle -- 6: Enlightened Fiat money and the modern SuperCycle, 1979 to present -- 7: Beyond the Great Depression -- Section 4: Where Do We Go From Here? -- 8: Three scenarios of adjustment -- 9: Investment portfolio implications -- Appendix 1: Minsky’s and Koo’s challenges to the dominant theory -- Appendix 2: Many faces of gold -- Endnotes -- Index. | ||
| 520 | _aFrom the Publisher: A brilliantly original assessment of what caused the global crash-and a practical plan for investing accordingly. Supercycles, according to international economist and strategist, Arun Motianey, are the continuous, long waves of boom and bust that undulate through the global economic and financial systems. More often than not, they are the result of policymakers’ well-intentioned but misguided attempts to achieve price stability. In Supercycles, Motianey surpasses the traditional business cycle model ("Boom and Bust"), to provide a detailed, objective, and at times surprising explanation of global economics. Drawing heavily on history and informed by cautious readings of a wide range of economic thought, Motianey critiques the way macroeconomics has been practiced by the major powers’ central banks through the years. Specifically, it was the banks’ intervention, ostensibly in the quest for price stability that actually served to entrench price instability. Further, he makes a compelling case for the new tools we’ll be using to manage the post-meltdown global economy, and even advises on investor portfolios to protect us from the likeliest scenarios that occur when a supercycle enters its terminal phase. A cogent and impossible-to-ignore mixture of economics, finance, policy, risk management, and investment advice from a global perspective, Supercycles is certain to inform and inspire debate among investors, academics, and casual readers alike. | ||
| 650 |
_925980 _aInvestments. |
||
| 650 |
_925981 _aGlobal Financial Crisis, 2008-2009. |
||
| 650 |
_925982 _aFinance. |
||
| 650 |
_aMacroeconomics. _925985 |
||
| 700 | _925983 | ||
| 942 |
_2ddc _cEN _h332.6 _mMOT |
||
| 999 |
_c50552 _d50552 |
||